000 00313nam a22001337a 4500
008 171014b xxu||||| |||| 00| 0 eng d
020 _a9781401840846
041 _aeng
080 _a331
100 _a52
101 _aPUN
245 _aOFFICE PROCEDURES FOR THE LEGAL PROFESSIONAL
_cLONG, J.A
942 _2udc
_cBK
999 _c33941
_d33941